MDQL
is popping MORE tags! Check the
thread
!
Quizzes
Events
Quiz Creation
Community
Videos
Private Events
Remove Ads
Sign In
Join for FREE
Feedback
Dark Mode
Quiz Categories
Sports
Geography
Music
Movies
Television
Just For Fun
Miscellaneous
History
Literature
Language
Science
Gaming
Entertainment
Religion
Holiday
For Kids
Quiz Lab
Recent
Popular Today
Quiz Kudos Today
Editor Picks
Curator Picks
Quizzes by...
Day
Popularity
Type
Ratings
Length
Year
Community
Subscriptions
Recent Discussions
Orange Saloon
Badges
Playlists
Quests
Create
Leaderboards
Showdown
Live 5
Trivia Bingo
Activity
Puzzle Library
Sporcle Events
Private Events
Virtual Trivia
Globe League
Become a Host
Pub Owners
SporcleCon
Opinionation
Our Games
Videos
Blog
Mobile Apps
Partnerships
Remove Ads and Go Orange
Feedback
Sports
Athletes
MLB
NBA
NHL
NFL
Soccer
Sports Teams
WWE
NCAA
Football
Premier League
Basketball
Baseball
Hockey
Golf
Tennis
Cricket
Rugby
Auto Racing
Olympics
World Cup
Sports
Athletes
MLB
NBA
NHL
NFL
Soccer
Sports Teams
WWE
NCAA
Football
Premier League
Basketball
Baseball
Hockey
Golf
Tennis
Cricket
Rugby
Auto Racing
Olympics
World Cup
Random Quiz
Search Sporcle
×
Quiz Lab
Quiz Lab
Sports
Food
Type in answers that appear in a list
Type in answers that appear in a list
Classic
Best Score? Go Orange.
Food-Related Sports Terms Stats
Can you name the Food?
By
horseydeucey
5m
19 Questions
179 Plays
179 Plays
179 Plays
Comments
Comments
Give Quiz Kudos
Give Quiz Kudos
-
- Ratings
hide this ad
Random Order
Randomize order of answers
Randomize order of answers
Replay
Link that replays current quiz
Next Quiz
Link to next quiz in quiz playlist
You Got
0%
They Got
Avg Score
25%
Avg Friend Score
Upgrade to see
Score Distribution
Jump to the score distribution portion of the page
Score
0/19
Timer
05:00
0
Plays Today
Can you guess the food-related answerd f
Food
% Correct
Bowling: Three strikes in a row
turkey
62.9%
Ice Hockey (NHL): Call made when a pass or shot crosses two redlines into the opponents' zone touched by an opponent first but not the goalie
icing
41.6%
Soccer/
Football: Slang for a dribble move between an opponent's legs
nutmeg
39.3%
All: Common term for someone who can't catch
butterfingers
38.2%
Soccer/
Football: Slang for a bending/
curving ball
banana Kick
37.6%
Baseball: An extremely easy pitch to hit-
usually a mistake pitch
meatball
34.3%
American Football: Bill Parcells' nickname
big tuna
32%
Indoor court game similar to racquetball
squash
29.8%
Baseball: Slang for an easy pop fly
can of corn
26.4%
Ice Hockey: Slang for the puck
biscuit
25.3%
Can you guess the food-related answerd f
Food
% Correct
Baseball: Warm-
up exercise which is banned in most ballparks
pepper
24.7%
Baseball: Slang for a short stint in the majors
cup of coffee
20.8%
All: Slang for an overly flashy player
hotdog
16.9%
Basketball: Slang for a pass or an assist/
Baseball: Slang for home plate
dish
16.9%
Darts: Slang for scoring 45
bag o nuts
10.7%
Baseball: A slow curveball with a severe drop
lollipop
9.6%
Soccer/
Football: Slang for the net at the back of the goal
onionbag
8.4%
Billiards/
Pool: An extremely easy shot
duck
5.6%
Cricket: A poor-
quality bowler
pie Thrower
2.2%
Quiz Playlist
Details
Report
Send in Message
Add To Playlist
Classic:
Type in answers that appear in a list
Random Order:
Randomize order of answers
Last Updated: Feb 16, 2017
Quiz Scoreboard
CHALLENGE
Sign Up to Join the Scoreboard
Show All
Scores
Hide
Comments
May contain spoilers
Recently Published
Colored Red Africa Blitz
by spor1
Geography
30s
Find the 'City' Movie
by crazypaving
Movies
60s
5x2 Blitz: Bands
by SL_Kpop136
Music
30s
More to Explore
Quiz From the Vault
Featured Blog Post
14 Easter Pick-up Lines to Find Eggs With
hide this ad
You Might Also Like...
Tags
Food Quiz
Term
Today's Top Quizzes in Sports
Browse Sports
hide this ad
Today's Top Quizzes in Food
Browse Food
Top Contributed Quizzes in Sports
1
Players with Multiple 50 Home Run Seasons
2
Criteria MLB: Left Handed Sluggers
3
MLB Players with Two .350 Batting Average Seasons
4
Who Hit More Homers?
5
Premier League Clubs since 2000 (minefield)
6
Who Needs Fielders?
7
2020 F1 Drivers Logic Puzzle
8
Les entraîneurs de l'OM et du PSG au 21e siècle
9
Top 10 NHL Goal Scorers of All Time
10
MLB Hall of Famer by Rings
Explore More
Trending Topics
Marvel
Harry Potter
NBA
Disney
Crossword
Anime
Kpop
Pokémon
Puzzle
Soccer
Country
The Office
Song
WWE
NFL
hide this ad
More By:
horseydeucey
Quiz
Plays
Rating
Category
Featured
Created
NFL Teams 600 Wins Club
4,327
4.29
Sports
Dec 26, 2015
Food-Related Sports Terms
179
4.00
Sports
Jul 1, 2011
David Brin's Uplift Series
1
Literature
Sep 11, 2010
Go to Creator's Profile
Score Distribution
Quiz Creator Spotlight
horseydeucey
Follow
Send a Message
Quizzes Created
-
Created Quiz Play Count
-
More By This Creator
Popular Quizzes Today
1
Find the 'City' Movie
2
5x2 Blitz: Bands
3
Colored Red Africa Blitz
4
Find the US States - No Outlines Minefield
5
The Countries of the World
6
Find the US States
7
9x9 Crossword: Cartoon Network
8
US States
More Sports Quizzes
Baseball Players by First Names
Published
Trending Quizzes
Colored Red Europe Blitz I
Colored Red Africa Blitz II
Colored Red Europe Blitz III
Colored Red Europe Blitz II
Colored Red Africa Blitz III
Recently Updated
Champions League XIs: Real Madrid
pecheneg
Largest US Cities 1790-2010
pecheneg
Rides in Walt Disney World
pecheneg
Most Oscar Losses (Acting)
pecheneg
Beyoncé Albums
pecheneg
Leaping Animals
pecheneg
Reality TV Shows (A-Z)
bhenderson79
Rickey Henderson's Hall of Fame Teammates
pecheneg
Champions League XIs: Arsenal
pecheneg
Quick Pick: Celebrities in WWE's Hall of Fame
aduchscher
Trending Topics
Crossword
NBA
Harry Potter
Marvel
Disney
Anime
Kpop
Puzzle
NFL
WWE
Country
The Office
Song
Soccer
Pokémon
Your Account Isn't Verified!
In order to create a playlist on Sporcle, you need to verify the email address you used during registration. Go to your
Sporcle Settings
to finish the process.
Report this User
Report this user for behavior that violates our
Community Guidelines
.
Details:
Send Report
Go to the Sporcle.com Mobile Site →
Comments